000 00469nam a2200181Ia 4500
001 16092
005 20260306170244.0
008 260306t2014||||xx |||||||||||||| ||und||
041 _aESP
082 _a346.6
_bP19
100 _aPalazón Garrido, María Luisa
_eAUT
245 0 _aLos remedios frente al incumplimiento en el derecho comparado
260 _c2014
300 _a247 páginas :
_c23 cm.
650 _aGEN
654 _aCDE
942 _cLIB
_dJUS
_fJUS
_2ddc
_n
999 _c16092
_d16092